Name the Lana Del Rey Music Video - Statistics

General Stats
  • This quiz has been taken 64 times
  • The average score is 11 of 16
Answer Stats
Picture Answer % Correct
Ultraviolence
91%
Born To Die
89%
Doin Time
87%
Ride
85%
Lust For Life
80%
Don't Call Me Angel
75%
Chemtrails Over The Country Club
71%
Candy Necklace
67%
High By The Beach
67%
National Anthem
67%
Summertime Sadness
64%
Love
62%
Blue Jeans
60%
Burning Desire
55%
White Dress
42%
Venice B*tch
4%
No matching quizzes found
Score Distribution
Percent of People with Each Score
Percentile by Number Answered
Your Score History
You have not taken this quiz